00597nam a2200193 a 450000100090000000300060000900500170001500800410003201000130007302000220008604000180010808200140012624500490014026000730018930000200026250400610028265000350034370000250037825131084OCoLC20190117171502.0901217s1991 cou b 001 0 eng  a90064218 a0891093826 (pbk.) aDLCcDLCdCDC a259bJ76s00aSingle adult ministry /cJerry Jones, editor aColorado Springs, CO :bSingles Ministry Resources, NavPress,cc1991 a377 p. ;c26 cm aIncludes bibliographical references (p. 365) and indexes 0aChurch work with single people10aJones, Jerry,d1951-